| 000 | 00481cam a2200181ua 4500 | ||
|---|---|---|---|
| 001 | 6651 | ||
| 008 | 140308n ii |||gr||||Z||||||eng | ||
| 040 | _cMAIN | ||
| 082 | _a519.5 | ||
| 245 |
_aIntroduction to statistics : _bVolume II / _cBy L. Choudhury . |
||
| 250 | _a1st ed. | ||
| 260 |
_aGuwahati: _bJ. Choudhury, _c1988. |
||
| 300 | _aix,486p. | ||
| 653 | _aProbabilities & applied mathematics | ||
| 653 | _aStatistics : | ||
| 700 |
_aChoudhury,L., _eAuthor. |
||
| 942 | _cBK | ||
| 999 |
_c5800 _d5800 |
||